| 000 | 01152nam0a2200325 4500 | ||
|---|---|---|---|
| 001 | RU\NLR\bibl\113783 | ||
| 005 | 20250617093405.0 | ||
| 010 |
_a5-272-00169-9 _920000 |
||
| 021 |
_aRU _b2000-25099 _91188 |
||
| 035 | _a(NLR Aleph) 000111392 | ||
| 090 |
_a631987 _c631987 |
||
| 100 | _a20001020d2000 |||y0rusy50 ca | ||
| 101 | 1 |
_arus _ceng |
|
| 102 | _aRU | ||
| 105 | _ay z ||||| | ||
| 200 | 1 |
_aГипноз _eПракт. рук. _fРэйчел Коуплан |
|
| 210 |
_aСПб. и др. _cПитер _d2000 |
||
| 215 |
_a275,[1] с. _d20 |
||
| 225 | 1 | _aСам себе психолог | |
| 300 | _aЗагл. и авт. ориг.: How to hypnotize yourself and others / Rachel Copelan | ||
| 454 | 0 |
_12001#$aHow to hypnotize yourself and others$fRachel Copelan _tHow to hypnotize yourself and others |
|
| 606 | 0 |
_aГипноз _jРуководства, пособия и т.п. _9929026 _3RU\NLR\auth\6623174 |
|
| 686 | _aР357.111я7 | ||
| 700 | 1 |
_aКоуплан _bР. _gРэйчел _4070 |
|
| 801 | 0 |
_aRU _bNLR _c20001020 _gPSBO |
|
| 801 | 1 |
_aRU _bNLR _c20001020 |
|
| 852 |
_aNLR _j2000-3/11857 |
||
| 942 | _cBOOK | ||
| 980 | _aNB | ||